Five Letter Word Chain - Statistics

General Stats
  • This quiz has been taken 441 times
  • The average score is 8 of 15
Answer Stats
Hint Answer % Correct
Citrus Fruit Lemon
97%
A human organ Heart
94%
Country that shares a border with China Nepal
90%
Object used to serve soup Ladle
86%
Geocentric theory says that this is the center of the solar system Earth
80%
Romulus's brother Remus
74%
A state in Africa Niger
63%
A nutty pie Pecan
63%
Could be chainmail or a breast plate Armor
50%
Don't mess with... Texas
27%
Electronics manufacturer Sharp
17%
Creator of the Hungarian Rhapsody Liszt
13%
Artificial opening made into a hollow organ Stoma
10%
Cinema company based out of Tennessee Regal
9%
This council decided the fate of Roman Catholicism Trent
8%
No matching quizzes found
Score Distribution
Percent of People with Each Score
Percentile by Number Answered
Your Score History
You have not taken this quiz